[Event "GER-chT School WK Girls"]
[Site "Playchess.com INT"]
[Date "2020.06.17"]
[Round "5.2"]
[White "Duenzel, Paula"]
[Black "Zeisler, Sarah"]
[Result "0-1"]
[WhiteElo "1224"]
[BlackElo "1798"]
[PlyCount "88"]
[EventDate "2020.06.10"]
[EventType "team-swiss (blitz)"]
[EventRounds "7"]
[EventCountry "GER"]
[SourceTitle "EXT 2021"]
[Source "ChessBase"]
[SourceDate "2020.10.23"]
[SourceVersion "1"]
[SourceVersionDate "2020.10.23"]
[SourceQuality "1"]
[WhiteTeam "Niederalteich St Gotth"]
[BlackTeam "Fuerth HBS"]
[WhiteTeamCountry "GER"]
[BlackTeamCountry "GER"]

1. e4 e5 2. Nc3 Nf6 3. Bc4 Nc6 4. g4 d6 5. b3 Bxg4 6. Nf3 Nd4 7. Be2 Nxe2 8. Qxe2 Qd7 9. Na4 a6 10. c4 b5 11. cxb5 axb5 12. Nc3 b4 13. Na4 Be7 14. Bb2 Bh5 15. Rc1 c5 16. a3 0-0 17. axb4 cxb4 18. Rc4 d5 19. exd5 Qxd5 20. Nb6 Qb7 21. Nxa8 Rxa8 22. Qxe5 h6 23. Rg1 Qxf3 24. Rc1 Re8 25. Rxg7+ Kxg7 26. Qg3+ Qxg3 27. hxg3 Bd6+ 28. Kf1 Kg6 29. Bd4 Ne4 30. d3 Nd2+ 31. Kg2 Nxb3 32. Bb6 Nxc1 33. Be3 Nxd3 34. Bb6 b3 35. Bd4 Re2 36. Kf1 Re1+ 37. Kg2 Kg5 38. Kh3 Rh1+ 39. Kg2 Rd1 40. Kh3 Nxf2+ 41. Bxf2 b2 42. Bd4 b1Q 43. Be5 Rh1+ 44. Kg2 Qg1# 0-1

[Event "GER-chT School WK Girls"]
[Site "Playchess.com INT"]
[Date "2020.06.17"]
[Round "4.3"]
[White "Zaimi, Medina"]
[Black "Duenzel, Paula"]
[Result "1-0"]
[WhiteElo "1414"]
[BlackElo "1224"]
[PlyCount "107"]
[EventDate "2020.06.10"]
[EventType "team-swiss (blitz)"]
[EventRounds "7"]
[EventCountry "GER"]
[SourceTitle "EXT 2021"]
[Source "ChessBase"]
[SourceDate "2020.10.23"]
[SourceVersion "1"]
[SourceVersionDate "2020.10.23"]
[SourceQuality "1"]
[WhiteTeam "Hamburg Dempwolffstr"]
[BlackTeam "Niederalteich St Gotth"]
[WhiteTeamCountry "GER"]
[BlackTeamCountry "GER"]

1. d4 e6 2. c3 Nc6 3. Nf3 Nf6 4. Bf4 d6 5. Nbd2 e5 6. Be3 exd4 7. cxd4 Be7 8. Nc4 0-0 9. Bc1 d5 10. Nce5 Nb4 11. a3 Na6 12. e3 b5 13. Bxb5 Nb8 14. Bd2 c6 15. Bd3 Bg4 16. Nxg4 Nxg4 17. Bc3 Nd7 18. Qd2 a5 19. h3 Ngf6 20. 0-0 Rb8 21. Bxa5 Qc8 22. Rfb1 Rb7 23. Ng5 h6 24. Nh7 Re8 25. Nxf6+ Bxf6 26. f4 Qb8 27. Ba6 Ra7 28. Bd3 Qa8 29. Bb4 Rb8 30. Rd1 c5 31. Bc3 Rab7 32. dxc5 Rb3 33. Bd4 Bh4 34. e4 dxe4 35. Bc4 Rg3 36. Kf2 Rd3+ 37. Ke2 Rxd2+ 38. Kxd2 Qa4 39. Rac1 Qa5+ 40. Ke3 Nxc5 41. Bc3 Na4 42. Bxa5 Nxb2 43. Rd2 Bg3 44. Kxe4 Ra8 45. Rd5 Re8+ 46. Kd4 Bf2+ 47. Kc3 Na4+ 48. Kb4 Nb2 49. Bb5 Re4+ 50. Kb3 Re2 51. Bxe2 Nc4 52. Bxc4 Be3 53. Bd3 Bxc1 54. Rd8# 1-0

[Event "GER-chT School WK Girls"]
[Site "Playchess.com INT"]
[Date "2020.06.10"]
[Round "2.3"]
[White "Fizer, Charly"]
[Black "Duenzel, Paula"]
[Result "1-0"]
[WhiteElo "1692"]
[BlackElo "1224"]
[PlyCount "111"]
[EventDate "2020.06.10"]
[EventType "team-swiss (blitz)"]
[EventRounds "7"]
[EventCountry "GER"]
[SourceTitle "EXT 2021"]
[Source "ChessBase"]
[SourceDate "2020.10.23"]
[SourceVersion "1"]
[SourceVersionDate "2020.10.23"]
[SourceQuality "1"]
[WhiteTeam "Bad Hersfeld Oberb"]
[BlackTeam "Niederalteich St Gotth"]
[WhiteTeamCountry "GER"]
[BlackTeamCountry "GER"]

1. Nf3 Nc6 2. Nc3 Nf6 3. e4 e5 4. d4 Bb4 5. dxe5 Nh5 6. e6 dxe6 7. Be2 0-0 8. 0-0 b6 9. Ng5 Nf4 10. Bf3 Ba6 11. Re1 Qb8 12. Bxf4 Nd4 13. Bg4 Bc5 14. Qd3 Bxd3 15. cxd3 f6 16. Nh3 e5 17. Bg3 Nc2 18. Be6+ Kh8 19. Ng5 fxg5 20. Bxe5 Re8 21. Ne2 Rxe6 22. d4 Bb4 23. Rec1 Nxa1 24. Rxa1 c5 25. Ng3 cxd4 26. Bxb8 Rxb8 27. h3 g6 28. Rd1 Rd6 29. e5 Rd5 30. a3 Ba5 31. b4 Bxb4 32. axb4 h5 33. Ne4 Rbd8 34. Nxg5 Rxe5 35. Nf7+ Kg7 36. Nxe5 Rd5 37. Nf3 d3 38. b5 a5 39. Re1 a4 40. Ra1 Rxb5 41. Rxa4 Rb3 42. Ra7+ Kg8 43. Ra8+ Kg7 44. Ra7+ Kg8 45. Rc7 b5 46. Rc6 b4 47. Rxg6+ Kf7 48. Rb6 Rb2 49. g4 b3 50. gxh5 d2 51. Nxd2 Rb1+ 52. Nxb1 b2 53. Rxb2 Ke7 54. h6 Kf7 55. Rb6 Kf8 56. h7 1-0